000 00226nam a2200097Ia 4500
005 20251222114352.0
008 251222s1900||||xx |||||||||||||| ||spa||
082 _aDVD0110/W19D/Vol.3
245 0 _aFábulas de Disney:
942 _cDVD
999 _c1299
_d1299